• AIU
  • Tony Wilmot Memorial Library

B'ilhazia = Bilharzia : (Record no. 45372)

MARC details
000 -LEADER
fixed length control field 01117nam a22003137a 4500
003 - CONTROL NUMBER IDENTIFIER
control field OSt
005 - DATE AND TIME OF LATEST TRANSACTION
control field 20110718134515.0
008 - FIXED-LENGTH DATA ELEMENTS--GENERAL INFORMATION
fixed length control field 100406t xxu||||| |||| 00| 0 eng d
020 ## - INTERNATIONAL STANDARD BOOK NUMBER
International Standard Book Number 996600159X
040 ## - CATALOGING SOURCE
Original cataloging agency DNLM/DLC
Transcribing agency DLC
Modifying agency DLC
-- NEGST Library - Kenya
050 00 - LIBRARY OF CONGRESS CALL NUMBER
Classification number RA 644.S3
Item number S76 2007
060 ## - NATIONAL LIBRARY OF MEDICINE CALL NUMBER
Classification number WC 11.1 F231b
082 00 - DEWEY DECIMAL CLASSIFICATION NUMBER
Classification number 614.5/53
Edition number 20
100 1# - MAIN ENTRY--PERSONAL NAME
Personal name Stochholm, Peter.
9 (RLIN) 3065
245 10 - TITLE STATEMENT
Title B'ilhazia = Bilharzia :
Remainder of title Kiwiilwana /
Statement of responsibility, etc translated by Fatuma Ali; edited by Jacob Njagi, Swaleh Hassan and Fatuma Ali; original text by Peter Stochholm.
260 ## - PUBLICATION, DISTRIBUTION, ETC. (IMPRINT)
Place of publication, distribution, etc Garissa, Kenya :
Name of publisher, distributor, etc Ilwana Language Development Programme,
Date of publication, distribution, etc 2007.
300 ## - PHYSICAL DESCRIPTION
Extent 18 p. :
Other physical details ill.
440 #0 - SERIES STATEMENT/ADDED ENTRY--TITLE
9 (RLIN) 3067
504 ## - BIBLIOGRAPHY, ETC. NOTE
Bibliography, etc Cover title: Mammasa durhena bili.
504 ## - BIBLIOGRAPHY, ETC. NOTE
Bibliography, etc "Kiwiilwana health booklet" - cover.
504 ## - BIBLIOGRAPHY, ETC. NOTE
Bibliography, etc Text in Kiwiilwana; preface in English.
504 ## - BIBLIOGRAPHY, ETC. NOTE
Bibliography, etc [Africana].
650 #0 - SUBJECT ADDED ENTRY--TOPICAL TERM
Topical term or geographic name as entry element Schistosomiasis
Geographic subdivision Kenya.
9 (RLIN) 3069
650 #0 - SUBJECT ADDED ENTRY--TOPICAL TERM
Topical term or geographic name as entry element Kiwiilwana language
General subdivision Texts.
9 (RLIN) 3071
700 1# - ADDED ENTRY--PERSONAL NAME
Personal name Ali, Fatuma.
9 (RLIN) 3073
906 ## - LOCAL DATA ELEMENT F, LDF (RLIN)
a 7
b cbc
c orignew
d 1
e ocip
f 19
g y-gencatlg
942 ## - ADDED ENTRY ELEMENTS (KOHA)
Source of classification or shelving scheme Library of Congress Classification
Koha item type Books
Holdings
Withdrawn status Lost status Source of classification or shelving scheme Damaged status Not for loan Collection code Home library Current library Shelving location Date acquired Source of acquisition Cost, normal purchase price Total Checkouts Full call number Barcode Date last seen Copy number Price effective from Koha item type
    Library of Congress Classification     General Circulation AIU/NEGST - Tony Wilmot Memorial Library AIU/NEGST - Tony Wilmot Memorial Library General Stacks 04/06/2010 BTL 5.00   RA 644.S3 S76 2007 R40208M3232 09/26/2019 1 04/06/2010 Books